Curso de historia del pensamiento político /

Contiene: El impacto del desarrollo científico en las ciencias sociales; Historicismo y positivismo; La filosofía de la ciencia; Las ciencias sociales; El concepto de lo político; La historia del pensamiento político; La universidad española y el estudio de las cuestiones políticas.

Guardat en:
Dades bibliogràfiques
Autor principal: García Pérez, Constantino (autor)
Format: Llibre
Idioma:espanyol
Col·lecció:(Serie Manuales)
Matèries:
Etiquetes: Afegir etiqueta
Sense etiquetes, Sigues el primer a etiquetar aquest registre!

MARC

LEADER 00000nam^a2200000^a^4500
001 000040321
005 20250521000000.0
009 20260310085615.903
020 |a 84-7130-473-2 
037 |a Acervo ITESO - Biblioteca 
041 |a ESP 
082 |a 320. 01  |b GAR 
100 |a García Pérez, Constantino  |e (autor) 
245 1 0 |a Curso de historia del pensamiento político /  |c C. García Pérez. 
264 |a Madrid, España :  |b Editoriales de Derecho Reunidas,  |c 1984 
300 |a 142 p. 
336 |a texto  |b txt  |2 rdacontenido 
337 |a sin mediación  |b n  |2 rdamedio 
338 |a volumen  |b nc  |2 rdasoporte 
440 1 |a (Serie Manuales) 
520 |a Contiene: El impacto del desarrollo científico en las ciencias sociales; Historicismo y positivismo; La filosofía de la ciencia; Las ciencias sociales; El concepto de lo político; La historia del pensamiento político; La universidad española y el estudio de las cuestiones políticas. 
649 |a XX 
650 |a Política -  |x Teoría 
650 |a Filosofía Política 
910 |a Fondo General 
920 |a Impresos - Libros 
930 |a Colección General 
905 |a 101 
901 |a 0403210100  |b IT1  |c ACC  |i 040321  |u 20250521 
902 |a https://opac.biblio.iteso.mx/vufind/Record/000040321